Els Napoleon : un estudi fotogràfic / [text: María de los Santos García Felguera] un estudi fotogràfic / [text:
ISBN:
978-84-9850-296-1
Publicado:
Barcelona :
Arxiu Fotogràfic de Barcelona : Ajuntament de Barcelona, Institut de Cultura ,
2011
Descripción Física:
239 p. : principalment il. ; 18 cm
MARC
| LEADER | 00000nam a2200000Ia 4500 | ||
|---|---|---|---|
| 001 | 23113 | ||
| 008 | 160829s2011 xx 000 0 cat d | ||
| 020 | |a 978-84-9850-296-1 | ||
| 080 | |a B-2-240 | ||
| 100 | |a García Felguera, María de los Santos |9 40937 | ||
| 245 | |a Els Napoleon : |b un estudi fotogràfic / [text: |b María de los Santos García Felguera] | ||
| 260 | |a Barcelona : |b Arxiu Fotogràfic de Barcelona : |b Ajuntament de Barcelona, Institut de Cultura, |c 2011 | ||
| 300 | |a 239 p. : |b principalment il. ; |c 18 cm | ||
| 590 | |a Catàleg de l'exposició celebrada del 17 de febrer al 14 de maig de 2011 a l'Arxiu Fotogràfic de Barcelona. | ||
| 590 | |a Text en català i castellà | ||
| 650 | |a Ant. y Emilio F. Dits Napoleon |x Exposicions |9 40938 | ||
| 650 | |a Fotògrafs |x Catalunya |x Exposicions |9 40939 | ||
| 710 | 2 | |a Institut de Cultura (Barcelona, Catalunya) |9 53422 | |
| 710 | 2 | |a Arxiu Fotogràfic de Barcelona |9 55023 | |
| 901 | |a Arxiu | ||
| 942 | |n 1 | ||
| 952 | |0 0 |1 0 |4 0 |6 B2240 |7 1 |9 49963 |a Arxiu |b Arxiu |d 2016-12-01 |l 0 |o B-2-240 |p 23113 |r 2016-12-01 00:00:00 |w 2016-12-01 |y ARXIU | ||
| 999 | |c 53805 |d 53805 | ||